书目信息 |
| 题名: |
中国图书馆分类法(第四版)使用手册
|
|
| 作者: | ;中国图书馆分类法编辑委员会 编 | |
| 分册: | ||
| 出版信息: | 北京 北京图书馆出版社 1999 |
|
| 页数: | 510页 | |
| 开本: | 20cm | |
| 丛书名: | ||
| 单 册: | ||
| 中图分类: | G254.122 | |
| 科图分类: | ||
| 主题词: | 中国图书馆分类法 | |
| 电子资源: | ||
| ISBN: | 7-5013-1623-6 | |
| 000 | 00701nam0 2200205 45 | |
| 001 | 012000053904 | |
| 005 | 20070730084153.25 | |
| 010 | @a7-5013-1623-6@dCNY39.00 | |
| 100 | @a20001120d1999 em y0chiy0120 ea | |
| 101 | 0 | @achi |
| 102 | @aCN@b110000 | |
| 105 | @ay z 001yy | |
| 200 | 1 | @a中国图书馆分类法(第四版)使用手册@Azhong guo tu shu guan fen lei fa(di si ban)shi yong shou ce@f中国图书馆分类法编辑委员会编 |
| 210 | @a北京@c北京图书馆出版社@d1999 | |
| 215 | @a510页@d20cm | |
| 606 | 0 | @a中国图书馆分类法 |
| 690 | @aG254.122@v4 | |
| 711 | 02 | @a中国图书馆分类法编辑委员会@9zhong guo tu shu guan fen lei fa bian ji wei yuan hui@4编 |
| 801 | 0 | @aCN@bTSSF@c20070730 |
| 905 | @a10447@dG254.122@e107=4 | |
| 中国图书馆分类法(第四版)使用手册/中国图书馆分类法编辑委员会编.-北京:北京图书馆出版社,1999 |
| 510页;20cm |
| ISBN 7-5013-1623-6:CNY39.00 |
| ● |
| 相关链接 |
|
|
|
|
正题名:中国图书馆分类法(第四版)使用手册
索取号:G254.122/107=4
 
预约/预借
| 序号 | 登录号 | 条形码 | 馆藏地/架位号 | 状态 | 备注 |
| 1 | 0784303 | 207843039 | 第一样本阅览室/ [索取号:G254.122/107=4] | 在馆 | |
| 2 | 0784899 | 207848999 | 第四借阅区/ [索取号:G254.122/107=4] | 在馆 |